Applied GIS and spatial analysis (Registro nro. 63688)

Detalles MARC
000 -ENCABEZADO
Número de control [NR] 00936nam a2200217Ia 4500
005 - FECHA Y HORA DE LA ÚLTIMA TRANSACCIÓN
control field 20240729152739.0
008 - DE LONGITUD FIJA DE DATOS DE ELEMENTOS - INFORMACIÓN GENERAL
Elementos de longitud fija [NR] 130821s2004 enkab gr eng
020 ## - NUMERO INTERNACIONAL NORMALIZADO PARA LIBROS [R]
Número Internacional Normalizado del libro [NR] 470844094
040 ## - FUENTE DE CATALOGACION [NR]
Agencia de catalogación original [NR] Co-BoUCM
Idioma de catalogación [NR] spa
Quien Cataloga David Moreno (modificó)
Quien Clasifica David Moreno (modificó)
041 00 - CODIGO DE IDIOMA [R]
Código de idioma para texto/pista de sonido o título separado [R] Inglés
245 00 - MENCION DE TITULO [NR]
Título [NR] Applied GIS and spatial analysis
Mención de responsabilidad, etc. [NR] editores, John Stillwell, Graham Clarke
260 ## - PUBLICACION, DISTRIBUCION, ETC. (PIE DE IMPRENTA) [R]
Lugar de publicación, distribución, etc. [R] Chichester (West Sussex, Inglaterra)
Nombre del editor, distribuidor, etc. [R] Wiley
Fecha de publicación, distribución, etc. [R] 2004
300 ## - DESCRIPCION FISICA [R]
Extensión [R] xi, 406 Páginas
Otros detalles físicos [NR] ilustraciones, mapas
650 04 - ASIENTO SECUNDARIO DE MATERIA - TERMINO TEMATICO [R]
Término temático o nombre geográfico como elemento de entrada [NR] Geografía
Subdivisión general [R] Procesamiento de datos
9 (RLIN) 65215
650 04 - ASIENTO SECUNDARIO DE MATERIA - TERMINO TEMATICO [R]
Término temático o nombre geográfico como elemento de entrada [NR] Sistemas de Información Geográfica (SIG).
9 (RLIN) 24520
Subdivisión general [R] Herramientas SIG
700 1# - ASIENTO SECUNDARIO - NOMBRE PERSONAL [R]
Nombre personal [NR] Clarke, Graham
Fechas asociadas con el nombre [NR] 1960-
9 (RLIN) 165861
700 1# - ASIENTO SECUNDARIO - NOMBRE PERSONAL [R]
Nombre personal [NR] Stillwell, John C. H.
Forma más completa del nombre [NR] (John Charles Harold)
Fechas asociadas con el nombre [NR] 1952-
9 (RLIN) 165862
856 42 - LOCALIZACION Y ACCESO ELECTRONICOS [R]
Nota dirigida al público [R] Tabla de Contenido
Identificador Uniforme del Recurso (“URI”) [R] <a href="http://www.loc.gov/catdir/toc/wiley041/2003049478.html">http://www.loc.gov/catdir/toc/wiley041/2003049478.html</a>
942 ## - ELEMENTOS DE ENTRADA AGREGADOS (KOHA)
Tipo de ítem principal el descrito en 300a Libro
Tema principal Ciencias aplicadas
Edición 1
Parte restante de la signatura top. S857a
Sistema de clasificación DEWEY
Clasificación 005.133
Título oculto en OPAC No
Existencias
Fecha de último préstamo Total préstamos Signatura topográfica Código de barras Última vez visto Ejemplar Price effective from Tipo de ítem Perdido Sistema de clasificación Dañado No prestable Tipo de ítem específico Suprimido Ubicación habitual Ubicación actual Localización Fecha de creación Forma de adquisición Costo
20/09/2012 4 005.133 S857a 100102409 03/12/2025 Ej.1 03/02/2013 Libro   DEWEY     Libro   Claustro Procesos Técnicos (no para préstamo) 4to piso 19/02/2013 Compra 354142.00